C'est en Vendée (Mort subite) - Statistiques

Statistiques générales
  • Ce quiz a été pris 220 fois
    183 depuis la dernière actualisation
  • Le résultat moyen est 12 sur 15
Answers on the Grid
Answers color-coded by a green-red scale on the quiz's grid according to % correct below.
L'île de Noirmoutier
L'île d'Yeu
La Roche-sur-Yon
Challans
Le Puy du Fou
Montaigu
O'Gliss Park
Le Passage du Gois
Le Château de Tiffauges
Les Sables-d’Olonne
La Maison et Jardins de Georges Clemenceau
Fontenay-le-Comte
Luçon
Les Herbiers
Saint-Gilles-Croix-de-Vie
Nantes
Le Grand Canyon
Cholet
Niort
Notre-Dame de la Garde
La Tour Eiffel
La Rochelle
Pornic
Le Mont Saint-Michel
L'île de Ré
L'île d'Oléron
Le Futuroscope
Parc Astérix
La Baule
Saint-Nazaire
 
Statistiques - réponses
Réponse % Correct
Le Puy du Fou
85%
La Roche-sur-Yon
83%
Les Sables-d’Olonne
81%
Les Herbiers
79%
L'île de Noirmoutier
79%
L'île d'Yeu
79%
Saint-Gilles-Croix-de-Vie
79%
Challans
77%
Montaigu
77%
Fontenay-le-Comte
76%
Luçon
75%
O'Gliss Park
74%
Le Château de Tiffauges
73%
Le Passage du Gois
70%
La Maison et Jardins de Georges Clemenceau
69%
Aucun quiz correspondant
Distribution des résultats
% des personnes avec chaque résultat
Percentile par nombre de réponses
Votre historique - résultats
Vous n’avez pas pris ce quiz depuis la dernière actualisation